000
00268nam a2200109Ia 4500
008
200302s9999 xx 000 0 und d
100
_a
Chirs Lefteri
245
_a
Glass Materials for Inspirational Design
260
_b
Rotovision Sa
260
_c
2002
300
_a
159 P.,
999
_c
1746
_d
1746